| 000 | 01251nam a2200349 i 4500 | ||
|---|---|---|---|
| 001 | 15587 | ||
| 003 | ES-MaACL | ||
| 005 | 20250912063034.0 | ||
| 007 | t| | ||
| 008 | 000403s1999 sp ||||0| spa j | ||
| 020 | _a84-86864-31-3 | ||
| 040 |
_aM-BN _bspa _cM-BN |
||
| 080 | _a329.285 | ||
| 080 | _a321.01 | ||
| 080 | _a316.647.82-055.2 | ||
| 100 | 1 |
_aGarcía Calvo, Agustín, _d1926-2012 _eaut _9233841 |
|
| 245 | 1 | 0 |
_a¿Quién dice no? _b: en torno a la anarquía / _cAgustín García Calvo. El verdadero fundamentalismo ; Las mujeres y el dinero / Isabel Escudero. |
| 250 | _a1ª ed. | ||
| 260 |
_aMadrid : _bFundación de Estudios Libertarios Anselmo Lorenzo, _c1999. |
||
| 300 |
_a151 p. ; _c21 cm. |
||
| 490 | 1 |
_aActualidad (Fundación Anselmo Lorenzo) ; _v5 |
|
| 500 | _aIncluye: El dinero ; Placer y negación / Agustín García Calvo. | ||
| 650 | 7 |
_aAnarquismo _2embne _99783 |
|
| 650 | 1 | 4 |
_aPoder. _916144 |
| 650 | 4 |
_aDiscriminación sexual. _911937 |
|
| 700 | 1 |
_aEscudero, Isabel, _d1944-2017 _947684 _eaut |
|
| 710 | 2 |
_aFundación Anselmo Lorenzo. _94216 |
|
| 830 | 1 |
_aActualidad (Fundación Anselmo Lorenzo) ; _v5 _9242247 |
|
| 852 |
_aES-MaACL _jL-22713 _bR.128138 |
||
| 942 | _2udc | ||
| 999 |
_c15587 _d15587 |
||